000 00651nam a2200217Ia 4500
003 GCL
008 140319s9999 xx 000 0 ara d
040 _aGCL /
_cGCL
082 0 4 _a320.51
_bم ا
100 1 _aامام عبدالفتاح امام
245 1 0 _aاسس اللبرالية السياسية /
_cامام عبدالفتاح امام
700 1 _aميشيل متياس
700 1 _aمل , جون ستيوارت
300 _a255 ص
490 _a
650 0 4 _aالليبرالية
650 0 4 _aالعلوم السياسية
650 0 4 _aالنظم السياسية
650 0 4 _aالمذهب العقلى
942 _2ddc
_cBK
999 _c40959
_d40959